📖150 premiers mots "Antéchrista" Amélie Nothomb - Statistiques

Statistiques générales
  • Ce quiz a Ă©tĂ© pris 7 fois
  • Le rĂ©sultat moyen est 82 sur 150
Statistiques - réponses
Mots % Correct
Ă 
100%
C'
100%
en
100%
J'
100%
j'
100%
l'
100%
Le
100%
le
100%
n'
100%
ne
100%
s'
100%
se
100%
avais
86%
ce
86%
d'
86%
dans
86%
de
86%
des
86%
du
86%
elle,
86%
elle
86%
et
86%
était
86%
je
86%
Je
86%
la
86%
m'
86%
me
86%
on
86%
pas.
86%
pas
86%
pas,
86%
qu'
86%
que
86%
sur
86%
avec
71%
ça,
71%
Comme
71%
étais
71%
ils
71%
jour,
71%
les
71%
mal
71%
mes
71%
plus
71%
premier
71%
sans
71%
ses
71%
sous
71%
Au
57%
cela
57%
jamais.
57%
Mais
57%
toujours
57%
un
57%
Une
57%
vis
57%
bien
43%
moi.
43%
savais
43%
arrĂŞtait
29%
connaître.
29%
croire
29%
fit
29%
parler
29%
petit
29%
regard :
29%
semaine
29%
sourire.
29%
tard,
29%
yeux
29%
allait
14%
attendais
14%
AussitĂ´t,
14%
autres
14%
connaîtrais
14%
crus
14%
garçons. ...
14%
main
14%
non :
14%
osai
14%
ouvrir
14%
regarder
14%
siens :
14%
signe
14%
univers
14%
université :
14%
vers
14%
voulus
14%
abordent :
0%
allaient
0%
Aller
0%
capable.
0%
courage
0%
dérobait
0%
détourner
0%
devint
0%
Ensuite,
0%
intolérable.
0%
jaugèrent.
0%
jetai
0%
personne
0%
personne.
0%
pieds,
0%
posèrent
0%
précédent,
0%
prix
0%
rencontrer
0%
respirer.
0%
restèrent
0%
rit.
0%
sol
0%
souffrance
0%
très
0%
venait
0%
vite.
0%
Aucun quiz correspondant
Distribution des résultats
% des personnes avec chaque résultat
Percentile par nombre de réponses
Votre historique - résultats
Vous n’avez pas pris ce quiz